Norwich City (2010–2019) Players By Picture #2 - Statistics

General Stats
  • This quiz has been taken 13 times
    8 since last reset
  • The average score is 14 of 20
Answer Stats
Picture Answer % Correct
Grant Hanley
100%
Grant Holt
100%
James Maddison
100%
Michael McGovern
100%
Sam Byram
100%
Teemu Pukki
100%
Timm Klose
100%
Wes Hoolahan
100%
Robert Snodgrass
86%
Alex Pritchard
71%
Anthony Pilkington
71%
Youssouf Mulumbu
71%
Ivo Pinto
57%
Jordan Rhodes
57%
Johan Elmander
43%
Joseph Yobo
43%
Simon Lappin
43%
Vadis Odjidja-Ofoe
43%
Jos Hooiveld
29%
Leon Barnett
29%
No matching quizzes found
Score Distribution
Percent of People with Each Score
Percentile by Number Answered
Your Score History
You have not taken this quiz since the last reset